000 00427nam a2200169Ia 4500
008 230524s9999 xx 000 0 und d
020 _a9788190777049
082 _a330.02462
_bSEM
100 _aSeema Singh
_942916
245 0 _aEconomics for Engineering Students
250 _a1
260 _aNew Delhi
_bI.K.International
_c2014
300 _a264p;
500 _aQuantity Number: 1
650 _aEconomics
942 _cBK
999 _c57883
_d57883